| 000 | 00343cam a22001337a 4500 | ||
|---|---|---|---|
| 008 | 180718b2004 xxu||||| |||| 00| 0 eng d | ||
| 020 | _a8179911810 | ||
| 082 | _aO91 Y84 | ||
| 245 |
_aEarth _cby Discovery Communications |
||
| 260 |
_aNew Delhi _bPopular _c2004 |
||
| 300 | _a124p. | ||
| 650 | _aEnvironment | ||
| 700 | _aDiscovery Communications | ||
| 999 |
_c404527 _d404527 |
||